Представление документа в формате RUSMARC

ПолеНазваниеЗначение
  Тип записи a
  Библиографический уровень m
001 Контрольный номер RU/REG73/CBS_GRAD/14d3ecbaf72e422fb4d6819eafb457a3
005 Дата корректировки 20230701153926.5
010 Индекс ISBN __
a ISBN 4503000000-019
100 Данные общей обработки __
a Данные общей обработки 20230701d 0rusy0189## ca
101 Язык документа 0_
a Язык текста rus
102 Страна публикации __
a Страна публикации RU
200 Заглавие и сведения об ответственности 1_
a Заглавие Памятные книжные даты. 1988
b Общее обозначение материала Текст
210 Выходные данные 1_
a Место издания Москва
c Издательство Книга
d Дата издания 1988
215 Физическое описание __
a Объем 288 с.
686 Индексы других классификаций __
a Классификационный индекс 76.1
801 Источник записи _0
a Страна RU
b Организация RuCBSGrad
c Дата составления 20230701
g Правила каталогизации RCR
801 Источник записи _1
a Страна RU
b Организация RuCBSGrad
c Дата составления 20230701
g Правила каталогизации RCR
901 Тип документа __
t Тип документа m